000 01041nam a2200289 a 4500
001 12733
003 BD-JhCC
005 20230509162008.0
008 230509s2008 nyu d 000 1 eng
020 _a9789384898403
035 _a(BD-JhCC)12733
040 _aDLC
_cDLC
_dDLC
_dBD-JhCC
041 _aeng
050 0 0 _aPZ7.G8233
_bPap 2008
082 0 0 _a813.5
_222
_bGRE 2008
100 1 _aGreen, John,
_d1977-
245 1 0 _aPaper towns /
_cJohn Green.
250 _a1st ed.
260 _aNew York :
_bBloomsbury,
_cc2008.
300 _a305 p. ;
_c22 cm.
520 _aOne month before graduating from his Central Florida high school, Quentin "Q" Jacobsen basks in the predictable boringness of his life until the beautiful and exciting Margo Roth Spiegelman, Q's neighbor and classmate, takes him on a midnight adventure and then mysteriously disappears.
650 1 _aMissing persons
_vFiction.
650 1 _aComing of age
_vFiction.
650 1 _aMystery and detective stories.
651 1 _aFlorida
_vFiction.
942 _2ddc
_cBK
999 _c12733
_d12733